000 00391nam a2200145Ia 4500
008 240624s9999 xx 000 0 und d
041 _aeng
082 _a339 MAN
100 _aMANKIW N GREGORY
245 _aBRIEF PRINCIPLES OF MACROECONOMICS
250 _a(5th ed.)
260 _c2009
_aAustralia
_bSouth-Western Cengage Learning
300 _axxiv, : 443 : p. : cm. ; 25
365 _c
_b25
999 _c16706
_d16706